000 00461nam a2200181Ia 4500
008 180921t xxu||||| |||| 00| 0 sin d
041 _asin
080 _a5
_bVIC
100 _aWickramasinghe, Martin
245 _aවිද්‍යා විනෝද කථා
246 _aVidyaa vinooda katha
260 _bMount
_aColombo
300 _a103p., 12 cm
650 _aFrog
_aant
942 _cBK
999 _c14798
_d14798
003 LK-CoDNM
040 _aLK-CoDNM
_dLK-CoDNM
_eLK-CoDNM